| 000 | 00704nam a2200181 i 4500 | ||
|---|---|---|---|
| 001 | 85456 | ||
| 003 | ES-MaACL | ||
| 005 | 20230906175240.0 | ||
| 007 | t| | ||
| 008 | 041129s1960 ve ||||1| spa d | ||
| 100 | 1 |
_aJuan Rodríguez, Alberto de. _967132 |
|
| 245 | 1 | 0 |
_aPolítica de Seguros de Alberto de Juan Rodríguez _b: 1950 / _ccondensado por José María Gutiérrez. |
| 260 |
_aCaracas : _bInstituto de Investigaciones Tecnológicas del Seguro, _c[1960] ( _eMadrid : _fIbarra) |
||
| 300 |
_a420 p. : _bretr. aut. ; _c12 cm. |
||
| 700 | 1 |
_aGutiérrez, José María. _961064 |
|
| 710 | 2 |
_aInstituto de Investigaciones Tecnológicas del Seguro (Caracas) _94976 |
|
| 852 |
_aES-MaACL _jC-21509 _bR.47416 |
||
| 999 |
_c85456 _d85456 |
||